[Event "English Womens Championships 2024"]
[Site "Kenilworth, United Kingdom"]
[Date "2024.06.20"]
[Round "1.6"]
[White "Ravi, Vash"]
[Black "Varney, Zoe"]
[Result "0-1"]
[TimeControl "G:90 minutes + 30 seconds added per move"]
[WhiteFideId "343404901"]
[BlackFideId "436135"]
[WhiteElo "1750"]
[BlackElo "2070"]

1. d4 {[%clk 01:30:56]} {[%emt 00:00:03]} d5 {[%clk 01:30:52]} {[%emt
00:00:09]} 2. c4 {[%clk 01:31:23]} {[%emt 00:00:03]} e6 {[%clk 01:31:15]}
{[%emt 00:00:07]} 3. Nc3 {[%clk 01:31:45]} {[%emt 00:00:08]} a6 {[%clk
01:31:37]} {[%emt 00:00:08]} 4. cxd5 {[%clk 01:31:16]} {[%emt 00:00:58]} exd5
{[%clk 01:32:01]} {[%emt 00:00:07]} 5. Bf4 {[%clk 01:30:34]} {[%emt 00:01:11]}
Nf6 {[%clk 01:32:19]} {[%emt 00:00:13]} 6. e3 {[%clk 01:30:11]} {[%emt
00:00:52]} c5 {[%clk 01:32:25]} {[%emt 00:00:24]} 7. Nf3 {[%clk 01:28:22]}
{[%emt 00:02:19]} c4 {[%clk 01:31:32]} {[%emt 00:01:25]} 8. h3 {[%clk
01:20:18]} {[%emt 00:08:32]} b5 {[%clk 01:28:39]} {[%emt 00:03:24]} 9. g4
{[%clk 01:13:54]} {[%emt 00:06:53]} b4 {[%clk 01:19:56]} {[%emt 00:09:13]} 10.
Na4 {[%clk 01:11:53]} {[%emt 00:02:31]} Qa5 {[%clk 01:15:02]} {[%emt 00:05:25]}
11. Bg2 {[%clk 01:08:12]} {[%emt 00:04:11]} Bd7 {[%clk 01:11:56]} {[%emt
00:03:36]} 12. Nc5 {[%clk 01:01:55]} {[%emt 00:06:46]} Bxc5 {[%clk 01:05:09]}
{[%emt 00:07:18]} 13. dxc5 {[%clk 01:02:11]} {[%emt 00:00:14]} Qxc5 {[%clk
01:04:57]} {[%emt 00:00:43]} 14. Ne5 {[%clk 00:57:08]} {[%emt 00:05:31]} Bb5
{[%clk 00:52:14]} {[%emt 00:13:14]} 15. g5 {[%clk 00:49:45]} {[%emt 00:07:53]}
Ne4 {[%clk 00:45:54]} {[%emt 00:06:49]} 16. Rc1 {[%clk 00:31:47]} {[%emt
00:18:29]} Nd7 {[%clk 00:15:59]} {[%emt 00:30:25]} 17. Nxd7 {[%clk 00:19:43]}
{[%emt 00:12:33]} Bxd7 {[%clk 00:16:17]} {[%emt 00:00:14]} 18. O-O {[%clk
00:19:55]} {[%emt 00:00:17]} Be6 {[%clk 00:12:18]} {[%emt 00:04:29]} 19. Qa4+
{[%clk 00:16:59]} {[%emt 00:03:26]} Qb5 {[%clk 00:09:04]} {[%emt 00:03:44]} 20.
Qd1 {[%clk 00:14:05]} {[%emt 00:03:25]} Rd8 {[%clk 00:05:54]} {[%emt 00:03:40]}
21. Bc7 {[%clk 00:13:17]} {[%emt 00:01:17]} Rd7 {[%clk 00:05:28]} {[%emt
00:00:56]} 22. Be5 {[%clk 00:13:39]} {[%emt 00:00:08]} f6 {[%clk 00:03:25]}
{[%emt 00:02:34]} 23. gxf6 {[%clk 00:13:42]} {[%emt 00:00:26]} gxf6 {[%clk
00:03:45]} {[%emt 00:00:10]} 24. Bd4 {[%clk 00:12:36]} {[%emt 00:01:35]} Rg8
{[%clk 00:01:46]} {[%emt 00:02:30]} 25. Kh1 {[%clk 00:10:39]} {[%emt 00:02:26]}
Rg6 {[%clk 00:01:36]} {[%emt 00:00:40]} 26. Bxe4 {[%clk 00:08:07]} {[%emt
00:03:02]} dxe4 {[%clk 00:01:58]} {[%emt 00:00:10]} 27. Rg1 {[%clk 00:05:41]}
{[%emt 00:02:55]} Qf5 {[%clk 00:02:02]} {[%emt 00:00:26]} 28. Rxg6 {[%clk
00:04:14]} {[%emt 00:01:56]} Qxh3+ {[%clk 00:02:24]} {[%emt 00:00:08]} 29. Kg1
{[%clk 00:04:34]} {[%emt 00:00:10]} hxg6 {[%clk 00:02:48]} {[%emt 00:00:06]} 30.
Qf1 {[%clk 00:04:07]} {[%emt 00:00:58]} Qh4 {[%clk 00:02:12]} {[%emt 00:01:06]}
31. Qg2 {[%clk 00:01:52]} {[%emt 00:02:44]} Rh7 {[%clk 00:02:17]} {[%emt
00:00:26]} 32. Qxg6+ {[%clk 00:00:51]} {[%emt 00:01:31]} Kd7 {[%clk 00:02:36]}
{[%emt 00:00:10]} 33. Qg2 {[%clk 00:00:49]} {[%emt 00:00:34]} Qh6 {[%clk
00:00:47]} {[%emt 00:02:18]} 34. Rd1 {[%clk 00:00:50]} {[%emt 00:00:30]} Ke7
{[%clk 00:00:41]} {[%emt 00:00:36]} 35. Bc5+ {[%clk 00:01:09]} {[%emt
00:00:11]} Kf7 {[%clk 00:00:56]} {[%emt 00:00:15]} 36. Bd6 {[%clk 00:01:00]}
{[%emt 00:00:39]} Bg4 {[%clk 00:00:52]} {[%emt 00:00:34]} 37. Bf4 {[%clk
00:00:37]} {[%emt 00:00:53]} Qh5 {[%clk 00:01:03]} {[%emt 00:00:19]} 38. Rd6
{[%clk 00:00:38]} {[%emt 00:00:28]} Bf3 {[%clk 00:00:55]} {[%emt 00:00:38]} 39.
Rd7+ {[%clk 00:01:05]} {[%emt 00:00:03]} Ke6 {[%clk 00:00:49]} {[%emt
00:00:36]} 40. Rd6+ {[%clk 00:01:29]} {[%emt 00:00:06]} Ke7 {[%clk 00:00:52]}
{[%emt 00:00:26]} 41. Qh2 {[%clk 00:01:25]} {[%emt 00:00:34]} Qg4+ {[%clk
00:01:16]} {[%emt 00:00:04]} 42. Kf1 {[%clk 00:01:09]} {[%emt 00:00:47]} Rxh2
{[%clk 00:01:38]} {[%emt 00:00:08]} 43. Bxh2 {[%clk 00:01:28]} {[%emt
00:00:11]} Qg2+ {[%clk 00:01:54]} {[%emt 00:00:14]} 44. Ke1 {[%clk 00:01:46]}
{[%emt 00:00:12]} Qh1+ {[%clk 00:02:12]} {[%emt 00:00:12]} 45. Kd2 {[%clk
00:01:53]} {[%emt 00:00:24]} Qd1# {[%clk 00:02:35]} {[%emt 00:00:06]} 0-1

[Event "English Womens Championships 2024"]
[Site "Kenilworth, United Kingdom"]
[Date "2024.06.20"]
[Round "1.8"]
[White "Singha, Swati"]
[Black "Rida, Ruqayyah"]
[Result "0-1"]
[TimeControl "G:90 minutes + 30 seconds added per move"]
[WhiteFideId "45013004"]
[BlackFideId "343272375"]
[WhiteElo "1719"]
[BlackElo "1962"]

1. e4 {[%clk 01:30:58]} {[%emt 00:00:01]} e5 {[%clk 01:30:53]} {[%emt
00:00:08]} 2. Nc3 {[%clk 01:31:21]} {[%emt 00:00:06]} Nf6 {[%clk 01:31:18]}
{[%emt 00:00:06]} 3. Nf3 {[%clk 01:31:37]} {[%emt 00:00:14]} Nc6 {[%clk
01:31:36]} {[%emt 00:00:12]} 4. Bb5 {[%clk 01:31:51]} {[%emt 00:00:16]} Bb4
{[%clk 01:30:17]} {[%emt 00:01:49]} 5. d3 {[%clk 01:29:48]} {[%emt 00:02:32]}
d6 {[%clk 01:29:38]} {[%emt 00:01:10]} 6. a3 {[%clk 01:28:37]} {[%emt
00:01:41]} Ba5 {[%clk 01:28:37]} {[%emt 00:01:30]} 7. h3 {[%clk 01:28:11]}
{[%emt 00:00:57]} a6 {[%clk 01:28:48]} {[%emt 00:00:19]} 8. Ba4 {[%clk
01:28:19]} {[%emt 00:00:21]} Be6 {[%clk 01:27:28]} {[%emt 00:01:50]} 9. b4
{[%clk 01:21:28]} {[%emt 00:07:21]} Bb6 {[%clk 01:27:34]} {[%emt 00:00:24]} 10.
O-O {[%clk 01:15:33]} {[%emt 00:01:29]} O-O {[%clk 01:27:04]} {[%emt 00:05:57]}
11. Bg5 {[%clk 01:09:40]} {[%emt 00:06:22]} h6 {[%clk 01:26:43]} {[%emt
00:00:52]} 12. Bh4 {[%clk 01:08:40]} {[%emt 00:01:30]} Nd4 {[%clk 01:25:17]}
{[%emt 00:01:56]} 13. Nd5 {[%clk 01:05:15]} {[%emt 00:03:54]} Bxd5 {[%clk
01:24:48]} {[%emt 00:01:00]} 14. exd5 {[%clk 01:05:18]} {[%emt 00:00:27]} Nf5
{[%clk 01:18:56]} {[%emt 00:06:22]} 15. Bxf6 {[%clk 01:00:35]} {[%emt
00:05:13]} Qxf6 {[%clk 01:19:16]} {[%emt 00:00:10]} 16. Kh1 {[%clk 00:57:51]}
{[%emt 00:03:13]} a5 {[%clk 01:12:26]} {[%emt 00:07:21]} 17. Bd7 {[%clk
00:51:53]} {[%emt 00:06:28]} Ne7 {[%clk 01:04:20]} {[%emt 00:08:36]} 18. c4
{[%clk 00:50:18]} {[%emt 00:02:05]} Ng6 {[%clk 00:57:29]} {[%emt 00:07:20]} 19.
Nh2 {[%clk 00:45:22]} {[%emt 00:05:26]} Qe7 {[%clk 00:51:32]} {[%emt 00:06:28]}
20. Bf5 {[%clk 00:41:00]} {[%emt 00:04:52]} Nh4 {[%clk 00:46:26]} {[%emt
00:05:36]} 21. Bg4 {[%clk 00:38:12]} {[%emt 00:03:17]} f5 {[%clk 00:42:15]}
{[%emt 00:04:42]} 22. Bh5 {[%clk 00:32:47]} {[%emt 00:05:55]} axb4 {[%clk
00:40:36]} {[%emt 00:02:09]} 23. g3 {[%clk 00:31:06]} {[%emt 00:02:11]} bxa3
{[%clk 00:36:43]} {[%emt 00:04:23]} 24. gxh4 {[%clk 00:29:03]} {[%emt
00:02:33]} Qxh4 {[%clk 00:36:30]} {[%emt 00:00:44]} 25. Bf3 {[%clk 00:17:30]}
{[%emt 00:12:01]} Qxh3 {[%clk 00:26:36]} {[%emt 00:10:25]} 26. Ra2 {[%clk
00:16:04]} {[%emt 00:01:56]} g5 {[%clk 00:22:46]} {[%emt 00:04:21]} 27. Rg1
{[%clk 00:15:42]} {[%emt 00:00:51]} Qh4 {[%clk 00:21:47]} {[%emt 00:01:30]} 28.
Qe2 {[%clk 00:13:09]} {[%emt 00:03:01]} Rf7 {[%clk 00:16:49]} {[%emt 00:05:29]}
29. Rg3 {[%clk 00:10:49]} {[%emt 00:02:50]} h5 {[%clk 00:14:53]} {[%emt
00:02:26]} 30. Qf1 {[%clk 00:06:57]} {[%emt 00:04:22]} g4 {[%clk 00:13:41]}
{[%emt 00:01:42]} 31. Qg1 {[%clk 00:05:29]} {[%emt 00:01:57]} Kh8 {[%clk
00:11:25]} {[%emt 00:02:46]} 32. Bxg4 {[%clk 00:02:21]} {[%emt 00:03:39]} fxg4
{[%clk 00:11:06]} {[%emt 00:00:48]} 33. Qc1 {[%clk 00:02:02]} {[%emt 00:00:49]}
Bc5 {[%clk 00:10:02]} {[%emt 00:01:35]} 34. Qh6+ {[%clk 00:02:09]} {[%emt
00:00:23]} Rh7 {[%clk 00:10:12]} {[%emt 00:00:20]} 35. Qg6 {[%clk 00:02:09]}
{[%emt 00:00:29]} Rf8 {[%clk 00:10:00]} {[%emt 00:00:42]} 36. Kg2 {[%clk
00:01:52]} {[%emt 00:00:47]} Qf6 {[%clk 00:09:18]} {[%emt 00:01:12]} 37. Qxf6+
{[%clk 00:01:29]} {[%emt 00:00:53]} Rxf6 {[%clk 00:09:47]} 38. f3 {[%clk
00:01:43]} {[%emt 00:00:16]} Rhf7 {[%clk 00:09:35]} {[%emt 00:00:42]} 39. fxg4
{[%clk 00:00:48]} {[%emt 00:01:25]} Rf2+ {[%clk 00:09:53]} {[%emt 00:00:12]} 40.
Rxf2 {[%clk 00:01:14]} {[%emt 00:00:05]} Rxf2+ {[%clk 00:10:17]} {[%emt
00:00:06]} 41. Kh3 {[%clk 00:01:37]} {[%emt 00:00:06]} a2 {[%clk 00:10:36]}
{[%emt 00:00:12]} 42. Rg1 {[%clk 00:01:16]} {[%emt 00:00:51]} Rxh2+ {[%clk
00:10:43]} {[%emt 00:00:22]} 0-1

[Event "English Womens Championships 2024"]
[Site "Kenilworth, United Kingdom"]
[Date "2024.06.20"]
[Round "1.9"]
[White "Longson, Sarah N"]
[Black "Agarwal, Amaya"]
[Result "1-0"]
[TimeControl "G:90 minutes + 30 seconds added per move"]
[WhiteFideId "2501465"]
[BlackFideId "48733580"]
[WhiteElo "1981"]
[BlackElo "1718"]

1. e4 {[%clk 01:30:59]} c5 {[%clk 01:30:52]} {[%emt 00:00:08]} 2. Nf3 {[%clk
01:31:26]} {[%emt 00:00:03]} d6 {[%clk 01:31:18]} {[%emt 00:00:05]} 3. d4
{[%clk 01:31:49]} {[%emt 00:00:06]} cxd4 {[%clk 01:31:44]} {[%emt 00:00:04]} 4.
Nxd4 {[%clk 01:32:16]} {[%emt 00:00:04]} Nf6 {[%clk 01:32:08]} {[%emt
00:00:05]} 5. Nc3 {[%clk 01:32:41]} {[%emt 00:00:05]} a6 {[%clk 01:32:36]}
{[%emt 00:00:02]} 6. h3 {[%clk 01:33:03]} {[%emt 00:00:08]} e5 {[%clk
01:32:57]} {[%emt 00:00:09]} 7. Nb3 {[%clk 01:33:28]} {[%emt 00:00:05]} Be7
{[%clk 01:33:18]} {[%emt 00:00:08]} 8. Be3 {[%clk 01:31:40]} {[%emt 00:02:19]}
h6 {[%clk 01:33:32]} {[%emt 00:00:16]} 9. Qf3 {[%clk 01:31:00]} {[%emt
00:01:10]} Qc7 {[%clk 01:33:24]} {[%emt 00:00:38]} 10. O-O-O {[%clk 01:30:06]}
{[%emt 00:01:24]} b5 {[%clk 01:32:45]} {[%emt 00:01:09]} 11. g4 {[%clk
01:26:51]} {[%emt 00:03:45]} b4 {[%clk 01:31:45]} {[%emt 00:01:30]} 12. Nd5
{[%clk 01:26:45]} {[%emt 00:00:36]} Nxd5 {[%clk 01:31:53]} {[%emt 00:00:22]} 13.
exd5 {[%clk 01:27:00]} {[%emt 00:00:15]} a5 {[%clk 01:30:22]} {[%emt 00:02:01]}
14. Kb1 {[%clk 01:13:13]} {[%emt 00:14:17]} Nd7 {[%clk 01:22:50]} {[%emt
00:08:01]} 15. Qf5 {[%clk 01:06:13]} {[%emt 00:07:30]} a4 {[%clk 01:16:26]}
{[%emt 00:06:54]} 16. Nd2 {[%clk 01:05:49]} {[%emt 00:00:54]} a3 {[%clk
01:00:28]} {[%emt 00:16:30]} 17. b3 {[%clk 00:50:38]} {[%emt 00:15:41]} Bb7
{[%clk 00:41:04]} {[%emt 00:19:53]} 18. Nc4 {[%clk 00:45:13]} {[%emt 00:05:55]}
Rc8 {[%clk 00:34:45]} {[%emt 00:06:49]} 19. Rg1 {[%clk 00:35:44]} {[%emt
00:09:58]} Nc5 {[%clk 00:21:38]} {[%emt 00:13:37]} 20. g5 {[%clk 00:27:47]}
{[%emt 00:08:28]} g6 {[%clk 00:16:33]} {[%emt 00:05:35]} 21. Qg4 {[%clk
00:25:49]} {[%emt 00:02:28]} h5 {[%clk 00:16:40]} {[%emt 00:00:24]} 22. Qf3
{[%clk 00:20:38]} {[%emt 00:05:41]} Ba6 {[%clk 00:10:33]} {[%emt 00:06:38]} 23.
Bd2 {[%clk 00:12:10]} {[%emt 00:08:57]} Bxc4 {[%clk 00:09:59]} {[%emt
00:01:04]} 24. Bxc4 {[%clk 00:12:19]} {[%emt 00:00:21]} Qb7 {[%clk 00:04:38]}
{[%emt 00:05:49]} 25. Qe2 {[%clk 00:11:29]} {[%emt 00:01:22]} O-O {[%clk
00:04:40]} {[%emt 00:00:28]} 26. Rge1 {[%clk 00:10:49]} {[%emt 00:01:10]} Rb8
{[%clk 00:03:45]} {[%emt 00:01:25]} 27. f4 {[%clk 00:10:28]} {[%emt 00:00:50]}
Nd7 {[%clk 00:03:03]} {[%emt 00:01:13]} 28. f5 {[%clk 00:09:57]} {[%emt
00:01:01]} Rfd8 {[%clk 00:01:43]} {[%emt 00:01:46]} 29. fxg6 {[%clk 00:09:54]}
{[%emt 00:00:37]} fxg6 {[%clk 00:02:04]} {[%emt 00:00:09]} 30. Qe4 {[%clk
00:09:59]} {[%emt 00:00:24]} Nf8 {[%clk 00:01:56]} {[%emt 00:00:38]} 31. Rf1
{[%clk 00:09:47]} {[%emt 00:00:42]} Rd7 {[%clk 00:01:35]} {[%emt 00:00:52]} 32.
Rf2 {[%clk 00:09:11]} {[%emt 00:01:06]} Bd8 {[%clk 00:01:02]} {[%emt 00:01:03]}
33. Rdf1 {[%clk 00:08:55]} {[%emt 00:00:45]} Bb6 {[%clk 00:01:20]} {[%emt
00:00:12]} 34. Rf6 {[%clk 00:08:26]} {[%emt 00:00:59]} Qc7 {[%clk 00:00:53]}
{[%emt 00:00:59]} 35. Bxb4 {[%clk 00:06:41]} {[%emt 00:02:14]} Bc5 {[%clk
00:00:52]} {[%emt 00:00:32]} 36. Bc3 {[%clk 00:06:12]} {[%emt 00:00:58]} Rg7
{[%clk 00:01:08]} {[%emt 00:00:14]} 37. Bxe5 {[%clk 00:05:05]} {[%emt
00:01:36]} Qe7 {[%clk 00:00:48]} {[%emt 00:00:50]} 38. Rxf8+ {[%clk 00:03:09]}
{[%emt 00:02:27]} Rxf8 {[%clk 00:01:14]} {[%emt 00:00:04]} 39. Rxf8+ {[%clk
00:03:38]} Qxf8 {[%clk 00:01:00]} {[%emt 00:00:44]} 40. Bf6 {[%clk 00:03:29]}
{[%emt 00:00:39]} Kh7 {[%clk 00:00:42]} {[%emt 00:00:48]} 41. Bd3 {[%clk
00:03:36]} {[%emt 00:00:22]} Qg8 {[%clk 00:00:44]} {[%emt 00:00:29]} 42. Qf3
{[%clk 00:03:42]} {[%emt 00:00:24]} Qf7 {[%clk 00:00:34]} {[%emt 00:00:40]} 43.
Qxh5+ {[%clk 00:03:57]} {[%emt 00:00:14]} Kg8 {[%clk 00:01:02]} {[%emt
00:00:02]} 44. Qg4 {[%clk 00:02:56]} {[%emt 00:01:32]} Qe8 {[%clk 00:01:02]}
{[%emt 00:00:30]} 45. Qe6+ {[%clk 00:01:40]} {[%emt 00:01:46]} Qxe6 {[%clk
00:01:23]} {[%emt 00:00:09]} 46. dxe6 {[%clk 00:02:09]} {[%emt 00:00:01]} Rc7
{[%clk 00:00:38]} {[%emt 00:01:10]} 47. e7 {[%clk 00:02:14]} {[%emt 00:00:30]}
Rc8 {[%clk 00:00:33]} {[%emt 00:00:34]} 48. Bxg6 {[%clk 00:02:33]} {[%emt
00:00:12]} d5 {[%clk 00:00:35]} {[%emt 00:00:28]} 49. e8=Q+ {[%clk 00:02:52]}
{[%emt 00:00:10]} Rxe8 {[%clk 00:01:01]} {[%emt 00:00:05]} 50. Bxe8 {[%clk
00:03:18]} {[%emt 00:00:04]} d4 {[%clk 00:01:24]} {[%emt 00:00:08]} 51. Bg6
{[%clk 00:03:31]} {[%emt 00:00:16]} Bb4 {[%clk 00:01:40]} {[%emt 00:00:14]} 52.
h4 {[%clk 00:03:46]} {[%emt 00:00:15]} Bc3 {[%clk 00:01:53]} {[%emt 00:00:16]}
53. h5 {[%clk 00:04:04]} {[%emt 00:00:12]} Bb2 {[%clk 00:01:51]} {[%emt
00:00:33]} 54. h6 {[%clk 00:04:25]} {[%emt 00:00:09]} 1-0

[Event "English Womens Championships 2024"]
[Site "Kenilworth, United Kingdom"]
[Date "2024.06.20"]
[Round "1.10"]
[White "Khunda, Deema"]
[Black "Maton, Emily"]
[Result "0-1"]
[TimeControl "G:90 minutes + 30 seconds added per move"]
[WhiteFideId "499730"]
[BlackFideId "343120293"]
[WhiteElo "1648"]
[BlackElo "1970"]

1. d4 {[%clk 01:30:58]} {[%emt 00:00:01]} e6 {[%clk 01:30:57]} {[%emt
00:00:03]} 2. c4 {[%clk 01:30:30]} {[%emt 00:00:59]} Nf6 {[%clk 01:31:17]}
{[%emt 00:00:10]} 3. Nc3 {[%clk 01:30:34]} {[%emt 00:00:26]} d5 {[%clk
01:31:41]} {[%emt 00:00:06]} 4. Bg5 {[%clk 01:27:02]} {[%emt 00:04:01]} Be7
{[%clk 01:31:48]} {[%emt 00:00:23]} 5. Nf3 {[%clk 01:26:40]} {[%emt 00:00:52]}
h6 {[%clk 01:31:01]} {[%emt 00:01:16]} 6. Bh4 {[%clk 01:27:06]} {[%emt
00:00:05]} Ne4 {[%clk 01:26:33]} {[%emt 00:04:59]} 7. Bxe7 {[%clk 01:27:07]}
{[%emt 00:00:28]} Qxe7 {[%clk 01:26:51]} {[%emt 00:00:13]} 8. Qc2 {[%clk
01:21:24]} {[%emt 00:06:13]} O-O {[%clk 01:19:40]} {[%emt 00:07:41]} 9. Nxe4
{[%clk 01:19:29]} {[%emt 00:02:24]} dxe4 {[%clk 01:20:02]} {[%emt 00:00:09]} 10.
Qxe4 {[%clk 01:19:50]} {[%emt 00:00:09]} Qb4+ {[%clk 01:20:24]} {[%emt
00:00:07]} 11. Nd2 {[%clk 01:19:49]} {[%emt 00:00:32]} Qxb2 {[%clk 01:20:07]}
{[%emt 00:00:47]} 12. Rd1 {[%clk 01:12:03]} {[%emt 00:08:15]} Qxa2 {[%clk
01:13:43]} {[%emt 00:06:55]} 13. e3 {[%clk 01:09:45]} {[%emt 00:02:47]} Nc6
{[%clk 01:10:02]} {[%emt 00:04:12]} 14. Bd3 {[%clk 00:56:47]} {[%emt 00:13:28]}
f5 {[%clk 01:08:17]} {[%emt 00:02:15]} 15. Qf4 {[%clk 00:49:49]} {[%emt
00:07:27]} Qa3 {[%clk 01:05:25]} {[%emt 00:03:22]} 16. Be2 {[%clk 00:44:46]}
{[%emt 00:05:33]} Qd6 {[%clk 01:04:31]} {[%emt 00:01:23]} 17. Qh4 {[%clk
00:43:53]} {[%emt 00:01:22]} Qe7 {[%clk 01:01:58]} {[%emt 00:03:05]} 18. Qxe7
{[%clk 00:38:35]} {[%emt 00:05:48]} Nxe7 {[%clk 01:02:22]} {[%emt 00:00:05]} 19.
Bf3 {[%clk 00:38:25]} {[%emt 00:00:39]} c6 {[%clk 01:01:48]} {[%emt 00:01:05]}
20. Rb1 {[%clk 00:37:59]} {[%emt 00:00:56]} Ng6 {[%clk 01:00:43]} {[%emt
00:01:36]} 21. g3 {[%clk 00:37:49]} {[%emt 00:00:39]} Rb8 {[%clk 00:59:18]}
{[%emt 00:01:55]} 22. Nb3 {[%clk 00:36:21]} {[%emt 00:01:58]} b5 {[%clk
00:54:10]} {[%emt 00:05:39]} 23. Na5 {[%clk 00:35:29]} {[%emt 00:01:22]} Bd7
{[%clk 00:53:45]} {[%emt 00:00:54]} 24. Bxc6 {[%clk 00:25:56]} {[%emt
00:04:46]} bxc4 {[%clk 00:53:36]} {[%emt 00:05:56]} 25. Kd2 {[%clk 00:25:28]}
{[%emt 00:00:57]} c3+ {[%clk 00:46:49]} {[%emt 00:07:19]} 26. Kc2 {[%clk
00:23:35]} {[%emt 00:02:22]} Bxc6 {[%clk 00:41:26]} {[%emt 00:05:54]} 27. Nxc6
{[%clk 00:23:44]} {[%emt 00:00:20]} Ra8 {[%clk 00:40:59]} {[%emt 00:00:57]} 28.
Rb7 {[%clk 00:23:10]} {[%emt 00:01:04]} Rf7 {[%clk 00:37:36]} {[%emt 00:03:53]}
29. Rhb1 {[%clk 00:19:28]} {[%emt 00:04:12]} a5 {[%clk 00:27:50]} {[%emt
00:10:17]} 30. Rxf7 {[%clk 00:19:08]} {[%emt 00:00:49]} Kxf7 {[%clk 00:28:14]}
{[%emt 00:00:07]} 31. Ra1 {[%clk 00:19:25]} {[%emt 00:00:11]} a4 {[%clk
00:27:24]} {[%emt 00:01:22]} 32. Ra3 {[%clk 00:18:56]} {[%emt 00:00:58]} Ne7
{[%clk 00:22:12]} {[%emt 00:05:42]} 33. Nxe7 {[%clk 00:18:35]} {[%emt
00:00:51]} Kxe7 {[%clk 00:22:38]} {[%emt 00:00:04]} 34. Kxc3 {[%clk 00:18:55]}
{[%emt 00:00:10]} Kd6 {[%clk 00:22:13]} {[%emt 00:00:56]} 35. f3 {[%clk
00:16:13]} {[%emt 00:03:12]} Kc6 {[%clk 00:20:31]} {[%emt 00:02:12]} 36. Kc4
{[%clk 00:16:12]} {[%emt 00:00:30]} Kd6 {[%clk 00:20:17]} {[%emt 00:00:44]} 37.
Kb4 {[%clk 00:14:11]} {[%emt 00:02:32]} Rb8+ {[%clk 00:20:12]} {[%emt
00:00:35]} 38. Kc3 {[%clk 00:14:19]} {[%emt 00:00:21]} Rc8+ {[%clk 00:20:15]}
{[%emt 00:00:28]} 39. Kb2 {[%clk 00:13:58]} {[%emt 00:00:51]} Rc4 {[%clk
00:16:56]} {[%emt 00:03:49]} 40. h3 {[%clk 00:12:38]} {[%emt 00:01:49]} h5
{[%clk 00:16:45]} {[%emt 00:00:41]} 41. Rc3 {[%clk 00:12:39]} {[%emt 00:00:30]}
Kd5 {[%clk 00:16:34]} {[%emt 00:00:40]} 42. Ra3 {[%clk 00:11:37]} {[%emt
00:01:31]} g5 {[%clk 00:15:39]} {[%emt 00:01:26]} 43. Rd3 {[%clk 00:08:58]}
{[%emt 00:03:09]} g4 {[%clk 00:15:12]} {[%emt 00:00:57]} 44. hxg4 {[%clk
00:08:11]} {[%emt 00:01:17]} hxg4 {[%clk 00:15:33]} {[%emt 00:00:09]} 45. fxg4
{[%clk 00:05:28]} {[%emt 00:03:13]} fxg4 {[%clk 00:15:57]} {[%emt 00:00:06]} 46.
Ra3 {[%clk 00:02:34]} {[%emt 00:03:24]} Ke4 {[%clk 00:16:19]} {[%emt 00:00:08]}
47. Rc3 {[%clk 00:02:54]} {[%emt 00:00:11]} Rxc3 {[%clk 00:16:36]} {[%emt
00:00:13]} 48. Kxc3 {[%clk 00:03:23]} Kxe3 {[%clk 00:17:00]} {[%emt 00:00:06]}
0-1